| 000 | 00724nam a2200241Ia 4500 | ||
|---|---|---|---|
| 003 | OSt | ||
| 005 | 20220923223903.0 | ||
| 006 | a|||||r|||| 00| 0 | ||
| 007 | ta | ||
| 008 | Pun | ||
| 024 | _a222,992 | ||
| 037 | _cTextual | ||
| 040 |
_aARTS _cARTS _bPun |
||
| 041 |
_2Pun _aPun |
||
| 082 | _aDelta25, 153N1 | ||
| 100 | _aਮਨਮੋਹਨ ਸਿੰਘ | ||
| 245 | 0 | _aਭਗਤੀ ਸਿਧਾਂਤ ਦੇ ਆਧਾਰ ਸ੍ਰੋਤ | |
| 260 |
_aਪਟਿਆਲਾ _b ਪੰਜਾਬੀ ਯੂਨੀਵਰਸਿਟੀ _c1991 |
||
| 300 |
_a414ਪੰ _ccm. |
||
| 650 | _aਅਧਿਆਤਮਵਾਦ | ||
| 942 |
_hDelta25, 153N1 _cTEXL _2CC |
||
| 999 |
_c368024 _d368024 |
||